Catálogo
 En Linea

Formación social dominicana desde fines de siglo pasado hasta el balaguerismo, hacia el Movimiento de Trabajadores socialistas. (Registro nro. 45772)

Detalles MARC
000 -CABECERA
campo de control de longitud fija 00467nam a2200133 a 4500
001 - NÚMERO DE CONTROL
campo de control 000046283
005 - FECHA Y HORA DE LA ÚLTIMA TRANSACCIÓN
campo de control 20201002052748.0
008 - DATOS DE LONGITUD FIJA--INFORMACIÓN GENERAL
campo de control de longitud fija 150715s19uu dr 000 0 spa d
040 ## - FUENTE DE LA CATALOGACIÓN
Centro catalogador/agencia de origen DO-SdBNP
Lengua de catalogación spa
Centro/agencia transcriptor BNPHU
245 00 - MENCIÓN DE TÍTULO
Título Formación social dominicana desde fines de siglo pasado hasta el balaguerismo, hacia el Movimiento de Trabajadores socialistas.
260 ## - PUBLICACIÓN, DISTRIBUCIÓN, ETC.
Lugar de publicación, distribución, etc. [Santo Domingo] :
Nombre del editor, distribuidor, etc. [s.n.,
Fecha de publicación, distribución, etc. 190?].
300 ## - DESCRIPCIÓN FÍSICA
Extensión 69 p. ; :
Otras características físicas 22 cm.
500 ## - NOTA GENERAL
Nota general Tematica del Pre-congreso
Existencias
Estado de retiro Estado de pérdida No para préstamo Código de colección Localización permanente Ubicación/localización actual Ubicación en estantería Fecha de adquisición Número de inventario Total de préstamos Signatura topográfica completa Código de barras Fecha visto por última vez Precio válido a partir de Tipo de ítem Koha Nota pública
    Excluido de préstamo Patrimonio Dominicano Patrimonio Dominicano Patrimonio Dominicano Depósito 15.07.2015 LF1   46283-10 25.06.2020 25.06.2020 Libro y Folleto Colección Patrimonio Dominicano Perteneció a la biblioteca personal de Chiqui Vicioso / Fidelio Despradel.

Con tecnología Koha